Historia de la milagrosa imagen de Nuestra Señora del Campo que se venera en la iglesia de San Diego de Bogotá (Registro nro. 302907)

Detalles MARC
000 -ENCABEZADO
Número de control [NR] 01908nam a2200265 4500
005 - FECHA Y HORA DE LA ÚLTIMA TRANSACCIÓN
control field 20210512102058.0
008 - DE LONGITUD FIJA DE DATOS DE ELEMENTOS - INFORMACIÓN GENERAL
Elementos de longitud fija [NR] 160307s1825 ck ||||fr|||| 001 0 spa d
040 ## - FUENTE DE CATALOGACION [NR]
Agencia de catalogación original [NR] CO-BoUCM
Idioma de catalogación [NR] spa
Quien Cataloga Sandra Yazo
Quien Clasifica Sandra Yazo
041 0# - CODIGO DE IDIOMA [R]
Código de idioma para texto/pista de sonido o título separado [R] Español
082 04 - NUMERO DE CLASIFICACION DECIMAL DEWEY [R]
Número de la edición [NR] 20
Número de clasificación [R] 232.117
092 ## - SIGNATURA TOPOGRAFICA LOCAL
Número de clasificación local E38N100
100 1# - ASIENTO PRINCIPAL--NOMBRE PERSONAL [NR]
Nombre personal [NR] Serna, Rafael de la
ID Autoridad 76070
242 00 - TRADUCCION DEL TITULO POR LA AGENCIA CATALOGADORA [R]
Título [NR] Historia de la prodigiosa imagen de la Maria Santísima de la Concepción que con la advocación de Nuestra Señora del Campo se venera en su capilla de la iglesia del Convento de Religiosos Recoletos …
Código de idioma del título traducido [NR] spa
245 10 - MENCION DE TITULO [NR]
Título [NR] Historia de la milagrosa imagen de Nuestra Señora del Campo que se venera en la iglesia de San Diego de Bogotá
260 ## - PUBLICACION, DISTRIBUCION, ETC. (PIE DE IMPRENTA) [R]
Lugar de publicación, distribución, etc. [R] Bogotá (Colombia)
Nombre del editor, distribuidor, etc. [R] Imprenta de San Bernardino
Fecha de publicación, distribución, etc. [R] 1916
300 ## - DESCRIPCION FISICA [R]
Extensión [R] 119 páginas
Dimensiones [R] 24 x 17 cm.
500 ## - NOTA GENERAL [R]
Nota general [NR] Detalles físicos: Ejemplar en regular estado. Tapas sueltas. Portada impresa en una sola tinta. Ilustración de la virgen. Texto impreso en una sola columna. Notas al pie de página. Bordes de páginas rotos
505 ## - NOTA DE CONTENIDO CON FORMATO PREESTABLECIDO [R]
Nota de contenido con formato preestablecido [NR] Prólogo al lector ; Protesta del autor ; Dedicatoria ; Advertencia fundamental, que sirva de preliminar para la inteligencia de la historia ; Libro I – IIl: Extracción de la piedra de donde se delineo la imagen ; Colocación de la piedra ; La piedad de la familia de Mayorga ; Perfección de la imagen ; Solicitud al S. Diego, para edificar la capilla de N. S. Del Campo ; Construcción de la capilla ; Devoción que profesan los indígenas a nuestra Señora del Campo ; Algunos textos de la Sagrada a esta Santa Imagen ; La ciudad con la plaga de Polvillo ; Bula de nuestro Santísimo Padre Urbano Octavo
506 ## - NOTA DE RESTRICCIONES DE ACCESO [R]
Condiciones de acceso [NR] Consulta en sala
610 1# - ASIENTO SECUNDARIO DE MATERIA - NOMBRE CORPORATIVO [R]
Nombre corporativo o nombre de la jurisdicción como elemento de entrada [NR] Iglesia de San Diego
Subdivisión general [R] Bogotá (Colombia)
9 (RLIN) 76071
650 #7 - ASIENTO SECUNDARIO DE MATERIA - TERMINO TEMATICO [R]
9 (RLIN) 10453
Término temático o nombre geográfico como elemento de entrada [NR] Capillas
Subdivisión geográfica [R] Bogotá (Colombia)
650 #7 - ASIENTO SECUNDARIO DE MATERIA - TERMINO TEMATICO [R]
9 (RLIN) 26300
Término temático o nombre geográfico como elemento de entrada [NR] Virgen María
Subdivisión general [R] Culto
690 ## - ASUNTO AGREGADO LOCAL DE ENTRADA - TÉRMINO TEMÁTICO (OCLC, RLIN)
Acceso temático local Iglesias
9 (RLIN) 17149
942 ## - ELEMENTOS DE ENTRADA AGREGADOS (KOHA)
Sistema de clasificación LOCAL
Tipo de ítem principal el descrito en 300a Libro
Edición 1
Clasificación E38N100
Existencias
Suprimido Perdido Sistema de clasificación Dañado No prestable Tipo de ítem específico Ubicación habitual Ubicación actual Localización Fecha de creación Forma de adquisición Costo Total préstamos Signatura topográfica Código de barras Última vez visto Ejemplar Price effective from Tipo de ítem
    LOCAL     Libro archivo Archivo Histórico Archivo Histórico Archivo histórico 07/03/2016 Donación 0.00   E38N100 L005420 07/03/2016 Ej.1 07/03/2016 Libro